|
|
|
|
| LEADER |
00000nam a2200000 a 4500 |
| 001 |
vtls008628024 |
| 003 |
SK-MaSNL |
| 005 |
20260302004428.0 |
| 008 |
251029s1941 xr g 000 0dcze |
| 020 |
|
|
|q (brož.)
|
| 040 |
|
|
|a SNK
|b slo
|c SNK
|e AACR2
|
| 041 |
0 |
|
|a cze
|
| 044 |
|
|
|a xr
|c CZ
|
| 072 |
|
7 |
|a 27-1/-2
|x Kresťanská teológia. Dogmatická teológia
|2 konspekt
|
| 080 |
|
|
|a 27-1
|2 2001
|
| 080 |
|
|
|a 14:27
|2 2001
|
| 080 |
|
|
|a 11
|2 2001
|
| 080 |
|
|
|a (049)
|2 2001
|
| 080 |
|
|
|a (0.072)
|2 2001
|
| 100 |
1 |
|
|a Soukup, Emilian,
|d 1886-1962
|4 aut
|9 86141
|
| 245 |
1 |
0 |
|a Úvod do Summy Theologické sv. Tomáše Akvinského
|c Em. Soukup, Artur Pavelka
|
| 250 |
|
|
|a [1. vyd.]
|
| 260 |
|
|
|a V Olomouci
|b Dominikánská Edice Krystal
|c 1941
|e V Olomouci
|f Lidové závody tiskařské a nakl.
|
| 300 |
|
|
|a 181 s.
|c 19 cm
|
| 490 |
1 |
|
|a Dominikánská Edice Krystal
|v sv. 59
|
| 500 |
|
|
|a Biogr. údaje
|
| 504 |
|
|
|a Bibliogr.
|
| 600 |
0 |
7 |
|a Tomáš Akvinský,
|c svätý,
|d 1225-1274
|2 SNKMA
|9 156171
|
| 648 |
|
7 |
|a 13. stor.
|2 SNKPH
|9 306912
|
| 650 |
0 |
7 |
|a kresťanská teológia
|2 SNKPH
|9 1804
|
| 650 |
0 |
7 |
|a kresťanská filozofia
|2 SNKPH
|9 805
|
| 650 |
0 |
7 |
|a metafyzika
|2 SNKPH
|9 810
|
| 655 |
|
7 |
|a rozpravy
|2 SNKPH
|9 70559
|
| 655 |
|
7 |
|a komentované vydanie
|2 SNKPH
|9 70501
|
| 700 |
1 |
|
|a Pavelka, Artur,
|d 1903-1997
|4 aut
|9 86142
|
| 830 |
|
0 |
|a Dominikánská Edice Krystal
|9 339948
|
| 999 |
|
|
|c 995813
|d 997743
|
| 952 |
|
|
|a SNK
|b SNK
|y VYP
|7 0
|p 17A0498019
|o snkID 2866/59
|i snk2623/48
|0 0
|1 0
|4 0
|d 2006-03-03
|l 0
|r 2026-02-24 12:03:11
|w 2026-02-24
|